000 00674nam a2200217Ia 4500
001 19385
003 GE_BSU
008 181216s||||||||xx |||||||||||||| ||und||
040 _cGE_BSU
245 _aВопросы языкознания, №5.2016. Сентябрь-Октябрь
245 _cГл.ред.В.А.Плунгян и др.
260 _aМосква
260 _bНаука
260 _c2016
300 _a159 стр. 24см.
300 _cБибл. стр. 156-159
653 _aВопросы языкознания №5.2016. Сентябрь-Октябрь
653 _aПериодика
653 _aპერიოდიკა
942 _cCR
999 _c52365
_d52365